Les plus grandes villes sur la Loire - Statistiques

Statistiques générales
  • Ce quiz a été pris 287 fois
  • Le résultat moyen est 10 sur 28
Statistiques - réponses
Population (2015) Ville sur la Loire % Correct
287,800 Nantes
98%
134,600 Tours
93%
114,200 Orléans
88%
170,000 Saint-Etienne
80%
46,400 Blois
78%
67,100 Saint-Nazaire
71%
36,200 Nevers
69%
36,100 Roanne
56%
27,100 Saumur
51%
13,000 Amboise
38%
38,900 Rezé
33%
43,100 Saint-Herblain
32%
14,700 Gien
29%
10,500 Cosne-Cours-sur-Loire
26%
25,300 Saint-Sébastien-sur-Loire
22%
15,300 Saint-Pierre-des-Corps
19%
19,100 Couëron
15%
16,200 Saint-Cyr-sur-Loire
12%
19,700 Saint-Jean-de-Braye
12%
11,800 Les Ponts-de-Cé
11%
12,700 Sainte-Luce-sur-Loire
11%
16,700 Saint-Jean-de-la-Ruelle
11%
18,300 Bouguenais
8%
12,500 Saint-Brévin-les-Pins
7%
10,500 Montlouis-sur-Loire
4%
10,300 Fondettes
3%
10,100 La Riche
2%
14,100 Saint-Rambert-sur-Loire
0%
Aucun quiz correspondant
Distribution des résultats
% des personnes avec chaque résultat
Percentile par nombre de réponses
Votre historique - résultats
Vous n’avez pas pris ce quiz